000 00860nam a2200253 a 4500
001 BRCA_3903
005 20190320204452.0
008 090110s1938----mx-#######---#000-0#spa-#
041 _aspa
044 _amx
050 4 _aF1231.5
_b.Z33 1938
100 1 _aZabalza y Valencia, Manuel.
_910148
245 1 0 _aEl sitio de Cuautla
_cManuel Zabalza y Valencia
260 _aMéxico
_bArchivo General de la Nación
_c1938
300 _a449-455 p.
_c24 cm.
440 0 _aBoletín del Archivo General de la Nación
_v93
_910149
500 _aC49
505 0 _aInforme sobre el sitio de Cuautla del 12 de noviembre de 1826.
600 1 4 _aMorelos y Pavón, José María
_d1765-1815.
_97961
651 4 _aMéxico
_vHistoria
_xGuerra de Independencia,
_y1810-1821.
_99860
700 1 _aArchivo General de la Nación
_p(México)
_910150
902 _aGFM
942 _2lcc
_cB
999 _c3630
_d3630